000 01334nam a2200361 a 4500
001 000113694
003 CHAP
005 20220329144408.0
008 170908s2017 mx sm |||||||spa d
010 _a110155
011 _a111127
040 _cCHAP
090 _aTesis
100 1 _aAvendaño Martínez, Jesús
_9133291
245 1 0 _aModelo óptimo de transporte para la comercialización del aguacate (Persea americana Mill) en México
_h[En línea]
_cpor Jesús Avendaño Martínez y Edgardo Bruno Carmona.
260 _aChapingo, Méx. :
_bEl autor,
_c2017.
500 _aPara ver el contenido del material haga clic en la liga
502 _aTesis (Lic. en Economía) -- UACH. División de Ciencias Económico Administrativas
590 _aBATCH
_b00
_c20181121
_lUCH01
_h0758
590 _aE8697GMM
_b05
_c20170908
_lUCH01
_h1012
590 _aE8697GMM
_b05
_c20170908
_lUCH01
_h1015
590 _aE8697GMM
_b05
_c20170911
_lUCH01
_h0900
650 1 4 _aAguacate
_xConsumo.
_92501
650 1 4 _aAguacate
_xCostos de producción.
_92503
650 1 4 _aAguacate
_xMercadeo.
_92534
650 1 4 _aAguacate
_xTransporte.
_92558
700 1 _aBruno Carmona, Edgardo
_9133292
856 _a1
_n0000614
856 _aFinding aid
_uhttp://10.13.5.2/tesis/sist113694.pdf
_zTeclea aquí
901 _aBK
942 _cTESIS
942 _n0
999 _c110155
_d110155